| 000 | 00340nam a2200109Ia 4500 | ||
|---|---|---|---|
| 008 | 200302s9999 xx 000 0 und d | ||
| 100 | _aDonald Hoffmann | ||
| 245 | _aFrank Lloyd Wright's Robie House- the illustrated story of an Architectural Masterpiece | ||
| 260 | _bDover Publication Inc mineola /New York | ||
| 260 | _c2014 | ||
| 300 | _a98 P | ||
| 999 |
_c4275 _d4275 |
||